Детска енциклопедия Научните открития (Запис номер 151)
[ съкратено ]
| 000 -Лидер | |
|---|---|
| Контролно поле с фиксирана дължина | 01938nam a2200397 c 4500 |
| 003 - Код на организацията, давaща контролен номер | |
| Контролно поле | BLK |
| 005 - Дата и час на последна редакция | |
| Контролно поле | 20191119104624.0 |
| 008 - Елементи от данни с фиксирана дължина | |
| fixed length control field | 180412b bul|||||r ||||||| ||bul|| |
| 010 ## - Наследен системен номер | |
| LC control number | KNG00000224000 |
| 020 ## - Международен стандартен номер на книга ISBN | |
| Международен стандартен номер на книга ISBN | 954-584-001-3 |
| 020 ## - Международен стандартен номер на книга ISBN | |
| Международен стандартен номер на книга ISBN | 1-85561-089-2 |
| 040 ## - Източник на каталожния запис | |
| Идентификатор на билиотеката - собственик на записа | BLK |
| 041 ## - Код за език | |
| Код за езика на текст/звукозапис или на отделно заглавие | Български |
| Код за езика КДБФ | Български |
| 080 ## - УДК | |
| Текстов определител УДК | Математика. Естествени науки |
| УДК код - определител по УДК | 5 |
| УДК определител | (031) |
| УДК - код + определител | 5(031) |
| 080 ## - УДК | |
| Текстов определител УДК | Астрономия. Астрофизика. Космология. Геодезия |
| УДК код - определител по УДК | 52 |
| УДК определител | (031) |
| УДК - код + определител | 52(031) |
| 080 ## - УДК | |
| Текстов определител УДК | Наука. Наукознание. Организация на умствения труд |
| УДК код - определител по УДК | 001 |
| УДК определител | (031) |
| УДК - код + определител | 001(031) |
| 139 ## - Редно поле | |
| Редна дума | Детска енциклопедия Научните открития |
| Авторски знак | Дес - Д 45 |
| 245 10 - Сведения за заглавието | |
| Заглавие | Детска енциклопедия Научните открития |
| Подзаглавни данни | Т. 1 - |
| Редно поле (дума) | авт. на том Стийв Паркър; прев. от англ. на том Евгени Александров. |
| Том | Т. 1 |
| Заглавие на том | Галилей и вселената |
| 257 ## - Страна на издаване | |
| Страна на създаване/издаване | Великобритания |
| 260 ## - Област на издателските данни | |
| Име на издателя, разпространителя и проч. | Абагар Холдинг |
| Година на издаване | 1993 - |
| 300 ## - Физическа характеристика | |
| Размери/Мащаб | 24 см |
| 380 ## - Жанр | |
| Жанр | Естествени науки. Математика |
| 650 #4 - Допълнително описание по предмет – тема | |
| Основно описание – тема или топоним | Научни открития - справочници |
| 9 (RLIN) | 241841 |
| 650 #4 - Допълнително описание по предмет – тема | |
| Основно описание – тема или топоним | Енциклопедии, детски |
| 9 (RLIN) | 154962 |
| 653 ## - Ключова дума – ненормативна | |
| Ключова дума | Галилео Галилей |
| 653 ## - Ключова дума – ненормативна | |
| Ключова дума | научни открития |
| 653 ## - Ключова дума – ненормативна | |
| Ключова дума | справочници |
| 700 1# - Други автори (авторска отговорност) | |
| Лично име | Паркър, Стийв |
| Автороска отговорност (Описва отношението между автора и произведението) | авт. на том |
| 9 (RLIN) | 241839 |
| 700 1# - Други автори (авторска отговорност) | |
| Лично име | Александров, Евгени |
| Автороска отговорност (Описва отношението между автора и произведението) | прев. от англ. на том |
| 9 (RLIN) | 241840 |
| 760 1# - Описание на основната серия | |
| Място на издаване, издател и година | Абагар Холдинг, 1993 |
| Страници - том | 32 с. : с цв. ил. |
| Заглавие | Т. 1 Галилей и вселената |
| 852 ## - Местоположение | |
| Форматна сигнатура | Цб 212123 |
| 856 4# - Електронен адрес и достъп | |
| Електронен формат | pdf - файл |
| Път до файла /url/ | |
| 856 4# - Електронен адрес и достъп | |
| Електронен формат | pdf - файл |
| Път до файла /url/ | |
| 999 ## - СИСТЕМНИ КОНТРОЛНИ НОМЕРА | |
| Koha biblionumber | 151 |
| Koha biblioitemnumber | 151 |
| 942 ## - АРТИКУЛИ | |
| Вид на библиотечния материал | Книги |
| Скрит в OPAC | Не |
| Периодичен библиозапис | Да |
| 944 ## - СЪЗДАВАНЕ И РЕДАКЦИЯ на ЗАПИСА | |
| Създаване/Редакция | Създаване |
| Дата на регистрацията/редакция | 20.03.2003 |
| Служител, извършил регистрацията/редакцията | Валя_Йорданова |
| 944 ## - СЪЗДАВАНЕ И РЕДАКЦИЯ на ЗАПИСА | |
| Създаване/Редакция | Редакция |
| Дата на регистрацията/редакция | 15.05.2008 |
| 999 ## - СИСТЕМНИ КОНТРОЛНИ НОМЕРА | |
| Koha biblioitemnumber | 151 |
| Код за отписване | Код за изгубен артикул | Източник на класификационната схема | Код за повреда | Коз за рестрикции | Код за отдаване | Артикулен № | Име на библиотеката - собственик | Име на библиотеката, в която се намира в момента | Статус (Текущо местоположение) | Дата на вписване в системата | Местоположение - отдел | Цена в лева | Инвентарен номер | Систематично азбучна сигнатура | Баркод | Номер на екземпляра | Цена в евро | Служебна бележка | Служебен тип на артикула | Бележка за публиката |
|---|---|---|---|---|---|---|---|---|---|---|---|---|---|---|---|---|---|---|---|---|
| Не е изгубен | Universal Decimal Classification | Не е повреден | без рестрикции | ползва се в читалня | 295 | Регионална библиотека "Любен Каравелов" Русе | Регионална библиотека "Любен Каравелов" Русе | Хранилище | 1993-01-01 | Хранилище | 1.33 | 583629 | Цб 212123 | 120000583629 | 1 | 0.68 | Дост: Dp Вид: Д N: стар фонд Дата: 01.01.1993 | Книги | ||
| Изтеглен | Не е изгубен | Не е повреден | без рестрикции | заемане за дома | 296 | Регионална библиотека "Любен Каравелов" Русе | Регионална библиотека "Любен Каравелов" Русе | 1993-01-01 | Детски отдел | 3.80 | 581611 | ДН 5/Д 45 | 581611 | 2 | 1.94 | Дост: Pk Вид: Ф N: стар фонд Дата: 01.01.1993 Дата инв: 30.09.2015 Бележки инв: Д2015 | Книги | Отч.N: 47/2017 , Дата: 05.10.2017 | ||
| Изтеглен | Не е изгубен | Не е повреден | без рестрикции | заемане за дома | 297 | Регионална библиотека "Любен Каравелов" Русе | Регионална библиотека "Любен Каравелов" Русе | 1993-01-01 | Детски отдел | 3.80 | 581612 | ДН 5/Д 45 | 581612 | 3 | 1.94 | Дост: Pk Вид: Ф N: стар фонд Дата: 01.01.1993 Дата инв: 30.09.2015 Бележки инв: Д2015 | Книги | Отч.N: 47/2017 , Дата: 05.10.2017 | ||
| Изтеглен | Не е изгубен | Не е повреден | без рестрикции | заемане за дома | 298 | Регионална библиотека "Любен Каравелов" Русе | Регионална библиотека "Любен Каравелов" Русе | Детски отдел | 1993-01-01 | Детски отдел | 38.00 | 581613 | ДН 5/Д 45 | 581613 | 4 | 19.43 | Дост: Pk Вид: Ф N: стар фонд Дата: 01.01.1993 Дата инв: 19.08.2015 Бележки инв: Д2015 | Книги | ||
| Изтеглен | Не е изгубен | Не е повреден | без рестрикции | заемане за дома | 299 | Регионална библиотека "Любен Каравелов" Русе | Регионална библиотека "Любен Каравелов" Русе | Детски отдел | 1993-01-01 | Детски отдел | 38.00 | 581615 | ДН 5/Д 45 | 581615 | 5 | 19.43 | Дост: Pk Вид: Ф N: стар фонд Дата: 01.01.1993 Дата инв: 19.08.2015 Бележки инв: Д2015 | Книги | ||
| Изтеглен | Не е изгубен | Universal Decimal Classification | Не е повреден | без рестрикции | заемане за дома | 300 | Регионална библиотека "Любен Каравелов" Русе | Регионална библиотека "Любен Каравелов" Русе | Детски отдел | 2002-07-08 | Детски отдел | 2.30 | 120000671006 | ДН 5/Д 45 | 120000671006 | 6 | 1.18 | Дост: Pk Вид: Б N: 2 Дата: 08.07.2002 Дата инв: 30.09.2015 Бележки инв: Д2015 | Книги |